Jan Vermeer de Delft / (Record no. 141698)

MARC details
000 -LEADER
campo de control de longitud fija 00631nam a2200205 i 4500
001 - NÚMERO DE CONTROL
campo de control 141698
003 - IDENTIFICADOR DE NÚMERO DE CONTROL
campo de control ES-MaACL
005 - FECHA Y HORA DE LA ÚLTIMA TRANSACCIÓN
campo de control 20230906200340.0
007 - CAMPO FIJO DE DESCRIPCIÓN FÍSICA--INFORMACIÓN GENERAL
campo de control de longitud fija t|
008 - DATOS DE LONGITUD FIJA--INFORMACIÓN GENERAL
campo de control de longitud fija 070926s1948 fr af |||| |dfre d
080 ## - NÚMERO DE LA CLASIFICACIÓN DECIMAL UNIVERSAL
Número de la Clasificación Decimal Universal 75Vermeer
100 1# - ENTRADA PRINCIPAL--NOMBRE DE PERSONA
Nombre de persona Vries, A. B.
9 (RLIN) 115760
245 10 - MENCIÓN DEL TÍTULO
Título Jan Vermeer de Delft /
Mención de responsabilidad, etc. par A. B. Vries ; suivi de La Poétique de Vermeer / par René Huyghe.
260 ## - PUBLICACIÓN, DISTRIBUCIÓN, ETC.
Lugar de publicación, distribución, etc. [Paris] :
Nombre del editor, distribuidor, etc. Pierre Tisné,
Fecha de publicación, distribución, etc. 1948.
300 ## - DESCRIPCIÓN FÍSICA
Extensión 123, 41 lám., 38 p., 38 lám. ;
Dimensiones 26 cm.
600 14 - PUNTO DE ACCESO ADICIONAL DE MATERIA--NOMBRE DE PERSONA
Nombre de persona Vermeer, Johannes.
9 (RLIN) 114147
700 1# - ENTRADA AGREGADA--NOMBRE PERSONAL
Nombre de persona Huyghe, René.
9 (RLIN) 64866
740 3# - ENTRADA AGREGADA--TÍTULO RELACIONADO/ANALÍTICO NO CONTROLADO
Título relacionado o analítico no controlado La poétique de Vermeer.
852 ## - LOCALIZACIÓN
Ubicación ES-MaACL
Número de control de estantería A-82
Holdings
Estatus retirado Estado de pérdida Estado de daño No para préstamo Biblioteca de origen Biblioteca actual Ubicación en estantería Fecha de adquisición Fuente de adquisición Total de préstamos Signatura topográfica completa Código de barras Visto por última vez Precio de reemplazo Tipo de ítem Koha
        Biblioteca del Ateneo de Madrid Biblioteca del Ateneo de Madrid Sala Pecera Planta 1 17/01/2008     A-82 1147439 23/02/2023 23/02/2023 Libro impreso